Estética y marxismo /

Gorde:
Xehetasun bibliografikoak
Egile nagusia: Sánchez Vázquez, Adolfo (selec. y presen.)
Formatua: Liburua
Hizkuntza:gaztelania
Argitaratua: México : Era, 1980, c1970
Edizioa:4a edición
Saila:(El Hombre y su Tiempo)
Gaiak:
Etiketak: Etiketa erantsi
Etiketarik gabe, Izan zaitez lehena erregistro honi etiketa jartzen!

MARC

LEADER 00000nam^a2200000^a^4500
001 000262538
005 20250521000000.0
009 20260310110546.825
037 |a Acervo Xavier Clavigero 
041 |a ESP 
082 |a 701. 17  |b SAN 
100 |a Sánchez Vázquez, Adolfo  |e (selec. y presen.) 
245 1 0 |a Estética y marxismo /  |c Selec. y presen. de A. Sánchez Vázquez. 
250 |a 4a edición 
264 4 |a México :  |b Era,  |c 1980, c1970 
300 |a 2 v. (430, 525 p.) 
336 |a texto  |b txt  |2 rdacontenido 
337 |a sin mediación  |b n  |2 rdamedio 
338 |a volumen  |b nc  |2 rdasoporte 
440 3 |a (El Hombre y su Tiempo) 
649 |a XX 
650 |a Estética -  |x Tema Principal 
650 |a Valoración Estética 
650 |a Arte -  |x Historia y Crítica 
650 |a Arte -  |x Teoría 
650 |a Ideología 
650 |a Capitalismo 
650 |a Socialismo 
650 |a Marxismo -  |x Historia y Crítica -  |x Tema Principal 
650 |a Filosofía del Siglo XX -  |x Historia y Crítica 
650 |a Arte y Política 
650 |a Arte y Sociedad 
910 |a Fondo General 
920 |a Impresos - Libros 
930 |a Colección General 
905 |a 101 
901 |a 005749  |b IT1  |c ACC  |u 20250521 
901 |a 007622  |b IT1  |c ACC  |u 20250521 
902 |a https://opac.biblio.iteso.mx/vufind/Record/000262538